Тепло- и массообмен в трубопроводах с сухими и смоченными стенками: учебное пособие

গ্রন্থ-পঞ্জীর বিবরন
প্রধান লেখক: Мирошниченко А. Ф. Алим Федорович
সংস্থা লেখক: Киевский политехнический институт
অন্যান্য লেখক: Дорощук И. Ю. Ирина Юрьевна
ভাষা:রুশ
প্রকাশিত: Киев, Изд-во КПИ, 1978
বিষয়গুলি:
বিন্যাস: গ্রন্থ
KOHA link:https://koha.lib.tpu.ru/cgi-bin/koha/opac-detail.pl?biblionumber=366338

MARC

LEADER 00000nam0a2200000 4500
001 366338
005 20231102011855.0
035 |a (RuTPU)RU\TPU\retro\23701 
090 |a 366338 
100 |a 20220204d1978 m y0rusy50 ca 
101 0 |a rus 
102 |a UA 
105 |a a j 001zy 
200 1 |a Тепло- и массообмен в трубопроводах с сухими и смоченными стенками  |e учебное пособие  |f А. Ф. Мирошниченко, И. Ю. Дорощук  |g Киевский политехнический институт 
210 |a Киев  |c Изд-во КПИ  |d 1978 
215 |a 110 с.  |c ил. 
320 |a Библиогр.: с. 104-106 
606 1 |a Трубопроводы  |x Теплопередача  |x Расчет  |2 stltpush  |3 (RuTPU)RU\TPU\subj\61741  |9 78904 
610 1 |a учебные пособия 
610 1 |a теплообмен 
610 1 |a массообмен 
610 1 |a теплоперенос 
610 1 |a турбулентный пограничный слой 
610 1 |a интенсивность 
610 1 |a газовые потоки 
675 |a 621.643:53(075.8)  |v 4 
700 1 |a Мирошниченко  |b А. Ф.  |g Алим Федорович 
701 1 |a Дорощук  |b И. Ю.  |g Ирина Юрьевна 
712 0 2 |a Киевский политехнический институт  |2 stltpush  |3 (RuTPU)RU\TPU\col\310  |9 23339 
801 1 |a RU  |b 63413507  |c 20220204 
942 |c BK